Tiere in der Griechischen Mythologie - Statistiken

Allgemein
  • Dieses Quiz wurde 58 mal gespielt
  • Das Durchschnittsergebnis liegt bei 7 aus 15
Antwortstatistiken
Hinweis Tier % Korrekt
Pegasus war ein geflügeltes... Pferd
98%
Der Minotaurus war eine Mischung aus Mensch und... Stier
96%
Zerberus war ein dreiköpfiger... Hund
94%
Athene verwandelte die Weberin Arachne in dieses Tier Spinne
69%
Herakles trug das Fell dieses Tieres als Rüstung Löwe
67%
Dieses Tier fraß jeden Tag die Leber des Gottes Prometheus Adler
65%
Die Zauberin Kirke verwandelte Männer in dieses Tier Schwein
56%
Dieses Tier wurde oft mit der Jagdgöttin Artemis in Verbindung gebracht Hirsch
44%
Zeus verführte Leda in Gestalt dieses Tieres, woraufhin sie die schöne Helena gebar Schwan
38%
Tier, das Eurydike tötete Viper
31%
Von Apollon getöteter Drache, heute eher bekannt als Bezeichnung für Riesenschlangen Python
25%
Die Chimäre war eine Mischung aus Löwe, Schlange und diesem Tier Ziege
25%
Dionysos verwandelte Piraten, die ihn gefangen nahmen, in diese Tiere Delfine
15%
Huftier, das Phrixos nach Kolchis flog Widder
10%
Nachdem sie von von Zeus geschwängert worden war, wurde Kallisto von Hera in dieses Tier verwandelt Bär
8%
Keine übereinstimmenden Quizze gefunden
Verteilung der Resultate
Anzahl Personen mit jedem Resultat
Perzentil nach korrekt beantworteten Fragen
Ihre Resultats-Entwicklung
Sie haben dieses Quiz noch nicht gespielt